000 00520nam a2200181 i 4500
001 100760
003 ES-MaACL
005 20230906182736.0
007 t|
008 051005s1940 sp ||||1| spa d
100 1 _aMataix Aracil, Carlos.
_978910
245 1 0 _aTratado de geometria analítica /
_cpor Carlos Mataix Aracil.
250 _a2ª ed.
260 _aMadrid :
_bNuevas Gráficas,
_c1940.
300 _a2 v. ;
_c25 cm.
650 4 _aGeometría analítica.
_913100
852 _aES-MaACL
_jF-15109-10
_bR.18812
999 _c100760
_d100760